000 00646cab a2200205 4500
001 WB2348-08
008 090401t1987 xxu||||| |||| 00| 0 eng d
035 _a(Sirsi) u63543
041 _aeng
245 _aMan-made mineral fibres
260 _c1987
350 _a0
490 _aDoE News Release
_vNo 506 1 December 1987 (3)
520 _aMan-made mineral fibres (MMMF), used for insulation purposes do not pose a health risk when used by individuals in their homes, it was announced by the Environment Secretary.
650 _aLOFT INSULATION
650 _aSAFETY
690 _aBUILT ENVIRONMENT
942 _n0
948 _c04/03/1997
999 _c39495
_d39495